000 00541nam a2200193Ia 4500
003 OSt
005 20250215125223.0
008 210210b1996 xxu||||| |||| 00| 0 eng d
040 _cAL
041 _ahin
082 _a861/162
100 _aSINHA (Ayodya Upadhyaya)
_9200108
110 _bसिन्हा (अयोध्या उपाद्य)
_9200109
245 _aKabir vachanavali:
_bकबिर वचनावली
260 _aBanaras
_b-
_c1996
690 _aHindi Poetry
_9200110
906 _a023182
942 _2ddc
_cBK
999 _c148105
_d148105